000 00434nam a2200181Ia 4500
005 20220531143246.0
008 131103s9999 xx 000 0 und d
040 _aLoreto College
041 _aEnglish
082 _aF
_bKIN
100 _aKing,Stephen
245 4 _aThe Dead Zone
_cStephen King
260 _aNew York
_bA Signet Book
_c1968
300 _a402 p.
650 _aFiction in English
850 _aLCLIB
942 _cBK
999 _c16814
_d67293